Every Winner Of The F1 Hungarian Grand Prix - Statistics

General Stats
  • This quiz has been taken 15 times
    4 since last reset
  • The average score is 39 of 41
Answer Stats
Hint Answer % Correct
1988 Ayrton Senna
100%
1991 Ayrton Senna
100%
1992 Ayrton Senna
100%
1993 Damon Hill
100%
1995 Damon Hill
100%
2014 Daniel Ricciardo
100%
2021 Esteban Ocon
100%
2003 Fernando Alonso
100%
1996 Jacques Villeneuve
100%
1997 Jacques Villeneuve
100%
2006 Jenson Button
100%
2011 Jenson Button
100%
2005 Kimi Raikkonen
100%
2025 Lando Norris
100%
2007 Lewis Hamilton
100%
2009 Lewis Hamilton
100%
2012 Lewis Hamilton
100%
2013 Lewis Hamilton
100%
2016 Lewis Hamilton
100%
2018 Lewis Hamilton
100%
2019 Lewis Hamilton
100%
2020 Lewis Hamilton
100%
2022 Max Verstappen
100%
2023 Max Verstappen
100%
1994 Michael Schumacher
100%
1998 Michael Schumacher
100%
2001 Michael Schumacher
100%
2004 Michael Schumacher
100%
1999 Mika Hakkinen
100%
2000 Mika Hakkinen
100%
2024 Oscar Piastri
100%
2002 Rubens Barrichello
100%
2015 Sebastian Vettel
100%
2017 Sebastian Vettel
100%
2008 Heikki Kovalainen
75%
2010 Mark Webber
75%
1986 Nelson Piquet
75%
1987 Nelson Piquet
75%
1989 Nigel Mansell
75%
1990 Thierry Boutsen
50%
1936 Tazio Nuvolari
25%
No matching quizzes found
Score Distribution
Percent of People with Each Score
Percentile by Number Answered
Your Score History
You have not taken this quiz since the last reset